| 000 | 00667nam a2200169 a 4500 | ||
|---|---|---|---|
| 001 | 000028709 | ||
| 005 | 20200930055106.0 | ||
| 008 | 110411s1993 dr 000 0 spa d | ||
| 040 |
_aDO-SdBNP _bspa _cBNPHU |
||
| 082 |
_axxx _bC749 |
||
| 111 | 1 |
_aCongreso Internacional por la Vida y la Familia _n(1er : _d1993, mar 4-7 : _cSanto Domingo ) _955697 |
|
| 245 | 1 | 0 | _aPonencias presentadas en el 1er. congreso internacional por la vida y la familia. |
| 246 | 2 | 4 | _aCuando le digan que el aborto es solo un asunto entre la mujer y su médico, se estan olvidando de alguien |
| 260 |
_aSanto Domingo : _bAmigo del hogar, _c1993. |
||
| 300 |
_a112 p. ; _c29 cm. |
||
| 049 | _aBNPD | ||
| 999 |
_c28201 _d28201 |
||